Engineering design methods : (Record no. 32469)

000 -LEADER
fixed length control field 01325cam a2200349 a 4500
001 - CONTROL NUMBER
control field 15149052
003 - CONTROL NUMBER IDENTIFIER
control field OSt
005 - DATE AND TIME OF LATEST TRANSACTION
control field 20210928111239.0
008 - FIXED-LENGTH DATA ELEMENTS--GENERAL INFORMATION
fixed length control field 080122s2008 enka b 001 0 eng
010 ## - LIBRARY OF CONGRESS CONTROL NUMBER
LC control number 2008002727
020 ## - INTERNATIONAL STANDARD BOOK NUMBER
International Standard Book Number 9780470519264 (pbk. : alk.paper)
035 ## - SYSTEM CONTROL NUMBER
System control number (OCoLC)ocn191090438
035 ## - SYSTEM CONTROL NUMBER
System control number (OCoLC)191090438
038 ## - RECORD CONTENT LICENSOR
Staff Name khadija
040 ## - CATALOGING SOURCE
Original cataloging agency DLC
Transcribing agency DLC
Modifying agency BAKER
-- BWKUK
-- YDXCP
-- BWX
-- BTCTA
-- DLC
050 00 - LIBRARY OF CONGRESS CALL NUMBER
Classification number TA174
Item number .C76 2008
082 00 - DEWEY DECIMAL CLASSIFICATION NUMBER
Classification number 620.0042
Edition number 22
Author Mark CRO
100 1# - MAIN ENTRY--PERSONAL NAME
Personal name Cross, Nigel,
Dates associated with a name 1942-
9 (RLIN) 82811
245 10 - TITLE STATEMENT
Title Engineering design methods :
Remainder of title strategies for product design /
Statement of responsibility, etc. Nigel Cross.
250 ## - EDITION STATEMENT
Edition statement 4th ed.
260 ## - PUBLICATION, DISTRIBUTION, ETC.
Place of publication, distribution, etc. Chichester, England ;
-- Hoboken, NJ :
Name of publisher, distributor, etc. J. Wiley,
Date of publication, distribution, etc. c2008.
300 ## - PHYSICAL DESCRIPTION
Extent xii, 217 p. :
Other physical details ill. ;
Dimensions 25 cm.
504 ## - BIBLIOGRAPHY, ETC. NOTE
Bibliography, etc. note Includes bibliographical references (p. [213]-214) and index.
563 ## - BINDING INFORMATION
Binding note PB
650 #0 - SUBJECT ADDED ENTRY--TOPICAL TERM
Topical term or geographic name entry element Engineering design.
9 (RLIN) 19438
650 #0 - SUBJECT ADDED ENTRY--TOPICAL TERM
Topical term or geographic name entry element Product design.
9 (RLIN) 18926
856 42 - ELECTRONIC LOCATION AND ACCESS
Materials specified Publisher description
Uniform Resource Identifier <a href="http://www.loc.gov/catdir/enhancements/fy0810/2008002727-d.html">http://www.loc.gov/catdir/enhancements/fy0810/2008002727-d.html</a>
856 41 - ELECTRONIC LOCATION AND ACCESS
Materials specified Table of contents only
Uniform Resource Identifier <a href="http://www.loc.gov/catdir/enhancements/fy0810/2008002727-t.html">http://www.loc.gov/catdir/enhancements/fy0810/2008002727-t.html</a>
906 ## - LOCAL DATA ELEMENT F, LDF (RLIN)
a 7
b cbc
c orignew
d 1
e ecip
f 20
g y-gencatlg
942 ## - ADDED ENTRY ELEMENTS (KOHA)
Source of classification or shelving scheme
Koha item type Book
Holdings
Withdrawn status Lost status Source of classification or shelving scheme Damaged status Not for loan Permanent Location Current Location Shelving location Date acquired Full call number Barcode Date last seen Price effective from Koha item type Public note
          School of Mechanical & Manufacturing Engineering (SMME) School of Mechanical & Manufacturing Engineering (SMME) General Stacks 09/29/2015 620.0042 CRO SMME-1317 03/28/2018 09/29/2015 Book Rack,41-Shelf,5
© 2023 Central Library, National University of Sciences and Technology. All Rights Reserved.